Biologische studien an Sialis flavilatera L. unter besonderer berücksichtigung des extremitätencharakters der tracheenkiemen.
Saved in:
| Main Author: | |
|---|---|
| Format: | eBook |
| Language: | German |
| Published: |
Berlin
[1937?]
|
| Tags: |
Add Tag
No Tags, Be the first to tag this record!
|
| LEADER | 01053nam a22002531 4500 | ||
|---|---|---|---|
| 001 | MIU01-002003473 | ||
| 003 | MiU | ||
| 005 | 19900614000000.0 | ||
| 006 | m d ||||| | ||
| 007 | cr bn ---auaua | ||
| 008 | 900614s1937 gw |||||||||||||||||ger|d | ||
| 035 | |a (CaOTULAS)176904453 | ||
| 035 | |a (SAZTEC)114005150 | ||
| 035 | |a (OCoLC)ocm17835036 | ||
| 035 | |a sdr-nrlf.b145091053 | ||
| 038 | |a MiU | ||
| 040 | |c SAZTEC | ||
| 100 | 1 | |a Seitz, Werner, |d 1906- | |
| 245 | 1 | 0 | |a Biologische studien an Sialis flavilatera L. unter besonderer berücksichtigung des extremitätencharakters der tracheenkiemen. |
| 260 | |a Berlin |c [1937?] | ||
| 502 | |a Inaug.-diss.--Berlin. | ||
| 504 | |a "Literatur": p. 81-82. | ||
| 538 | |a Mode of access: Internet. | ||
| 588 | |a This bibliographic record is available under the Creative Commons CC0 public domain dedication. The University of Michigan Libraries, as creator of this bibliographic record, has waived all rights to it worldwide under copyright law, including all related and neighboring rights, to the extent allowed by law. | ||


